00489nam a2200085Ia 4500008004100000245001900041300027600060650001600336856005100352170517s9999 xx 000 0 und d aVaccine Nation aIn the United States, the number of mandatory vaccine injections has risen to 36 per child. Each of these injections contains neurotoxins such as aluminum, formaldehyde, aborted fetal tissue, animal by-products, heavy metals, and many others. What happens to a child's... xTechnology. uhttp://topdocumentaryfilms.com/vaccine-nation/